Catalog

Record Details

Catalog Search



Medailony  Cover Image Book Book

Medailony / Zofia Nałkowska ; [z polského originálu ... přeložila Helena Teigová]

Record details

  • ISBN: 978-80-904661-2-8
  • Physical Description: 91 s. ; 15 cm
  • Edition: Vyd. 1. u nakl. Tomáš Bruckner, V českém překladu vyd. 3.
  • Publisher: Řepín : Tomáš Bruckner, 2011
Subject: holocaust (1939-1945) > Polsko
holocaust, 1939-1945 > Poland
Genre: polské povídky
Polish short stories

Available copies

  • 1 of 1 copy available at Common Catalog SPOK.

Holds

  • 0 current holds with 1 total copy.
Show All Copies
Location Call Number / Copy Notes Barcode Shelving Location Status Due Date
The Jewish community of Prague K 2871 4638301256 K - Beletrie Available -

LDR 01419nam a2200409 a 4500
00154279
003CZ-PrJAB
00520111020104703.0
007ta
008110816s2011 xr g 000 j cze
015 . ‡acnb002220781
020 . ‡a978-80-904661-2-8 ‡q(brož.)
035 . ‡a(CZ PrNK)nkc20112220781
035 . ‡a(OCoLC)761169174
040 . ‡aBOA001 ‡bcze ‡dABA001
0411 . ‡acze ‡hpol
043 . ‡ae-pl---
045 . ‡ax3x4
072 7. ‡a821.162.1 ‡xPolská literatura ‡2Konspekt ‡925
080 . ‡a821.162.1-32 ‡2MRF
080 . ‡a323.12"1939/1945" ‡2MRF
080 . ‡a(438) ‡2MRF
080 . ‡a(0:82-32) ‡2MRF
1001 . ‡aNałkowska, Zofia, ‡d1884-1954 ‡7jn20000401842 ‡4aut
24510. ‡aMedailony / ‡cZofia Nałkowska ; [z polského originálu ... přeložila Helena Teigová]
250 . ‡aVyd. 1. u nakl. Tomáš Bruckner, V českém překladu vyd. 3.
260 . ‡aŘepín : ‡bTomáš Bruckner, ‡c2011
300 . ‡a91 s. ; ‡c15 cm
648 7. ‡a1939-1945 ‡7ch460653 ‡2czenas
65007. ‡aholocaust (1939-1945) ‡7ph117203 ‡zPolsko ‡2czenas
65009. ‡aholocaust, 1939-1945 ‡zPoland ‡2eczenas
655 7. ‡apolské povídky ‡7fd133082 ‡2czenas
655 9. ‡aPolish short stories ‡2eczenas
7001 . ‡aTeigová, Helena, ‡d1902-1986 ‡7jk01132146 ‡4trl
7650 . ‡tMedaliony ‡9Česky
910 . ‡aABE461
995 . ‡aska
901 . ‡a54279 ‡bAUTOGEN ‡c54279 ‡tbiblio

Additional Resources